| 000 | 01041nam a22002537a 4500 | ||
|---|---|---|---|
| 005 | 20170124102947.0 | ||
| 010 | _aB-186288 | ||
| 020 |
_c300.00 _a8188386162 |
||
| 035 | _aB-186288 | ||
| 037 | _bCen Lib/Ret | ||
| 040 |
_aDPL _bHN |
||
| 082 |
_a930.1 _bविद्यालं |
||
| 100 |
_aविद्यालंकार, धर्मचंद _950415 |
||
| 245 |
_aआर्यों से अयोध्या तक / _c धर्मचंद विद्यालंकार |
||
| 246 |
_aAryon se ayodhya tak / _bby Dharmchand Vidyalankar |
||
| 260 |
_bदिनमान प्रकाशन _c2005 _aदिल्ली |
||
| 270 |
_bदिल्ली _a3014, चर्खेवालन _e110006 |
||
| 300 |
_a208पृ. _c21सेमी(सजिल्द ) |
||
| 650 |
_aवेद _x _z _943347 |
||
| 650 |
_aवैदिक कालीन समाज _943622 |
||
| 650 |
_aVedas _950416 |
||
| 650 |
_aVedic society Carpet _950417 |
||
| 942 |
_2ddc _cHN _h930.1 _mविद्यालं |
||
| 999 |
_c113058 _d113058 |
||